[Event "Hessen-ch Seniors"]
[Site "Offenbach"]
[Date "2005.03.31"]
[Round "5"]
[White "Herth, Friedel"]
[Black "Kalmann, Max"]
[Result "1-0"]
[WhiteElo "1537"]
[BlackElo "1613"]
[PlyCount "129"]
[EventDate "2005.03.28"]
[EventType "swiss"]
[EventRounds "7"]
[EventCountry "GER"]
[SourceTitle "EXT 2006"]
[Source "ChessBase"]
[SourceDate "2005.11.24"]
[SourceVersion "1"]
[SourceVersionDate "2005.11.24"]
[SourceQuality "1"]

1. e4 d5 2. exd5 Qxd5 3. Nc3 Qa5 4. Nf3 Bg4 5. Be2 c6 6. 0-0 e6 7. a3 Nf6 8. b4 Bxb4 9. Bb2 Be7 10. h3 Bxf3 11. Bxf3 Nbd7 12. d4 0-0 13. Re1 Rfe8 14. Ne2 Rad8 15. c4 Ne5 16. Qb3 Nxf3+ 17. Qxf3 Qh5 18. g4 Qh4 19. Bc1 Bd6 20. Qg2 h6 21. Be3 Nh7 22. f4 Qe7 23. Qf3 Bxa3 24. c5 Bb4 25. Rf1 a5 26. Kh2 g5 27. fxg5 hxg5 28. Ng3 Qc7 29. Kg2 f6 30. Ne4 Rf8 31. Nd6 Kg7 32. Qg3 Qd7 33. h4 b6 34. hxg5 bxc5 35. gxf6+ Nxf6 36. dxc5 Bc3 37. Rad1 Nd5 38. Bg5 Bf6 39. Qh4 Ne3+ 40. Kh1 Nxf1 41. Qh6+ Kg8 42. Bxf6 Qh7 43. Qxh7+ Kxh7 44. Bxd8 Rxd8 45. Rxf1 Rg8 46. Rf4 Rg5 47. Ne4 Re5 48. Kg2 a4 49. Rf7+ Kg8 50. Rf4 a3 51. Nf6+ Kg7 52. Nh5+ Kg8 53. Ra4 Rxc5 54. Rxa3 Kf7 55. Ra7+ Kf8 56. Kf3 Rc1 57. g5 Rc3+ 58. Ke4 Rc5 59. Kf4 Rf5+ 60. Kg4 c5 61. g6 Rxh5 62. Kxh5 c4 63. Kg5 c3 64. Kf6 Ke8 65. g7 1-0

[Event "Hessen-ch Seniors"]
[Site "Offenbach"]
[Date "2005.03.30"]
[Round "4"]
[White "Koch, Manfred"]
[Black "Herth, Friedel"]
[Result "1-0"]
[WhiteElo "1715"]
[BlackElo "1537"]
[PlyCount "65"]
[EventDate "2005.03.28"]
[EventType "swiss"]
[EventRounds "7"]
[EventCountry "GER"]
[SourceTitle "EXT 2006"]
[Source "ChessBase"]
[SourceDate "2005.11.24"]
[SourceVersion "1"]
[SourceVersionDate "2005.11.24"]
[SourceQuality "1"]

1. d4 d5 2. c4 Nc6 3. cxd5 Qxd5 4. Nf3 e6 5. Nc3 Bb4 6. e3 Nf6 7. Bd2 Bxc3 8. Bxc3 0-0 9. Bd3 Ne4 10. Qc2 f5 11. 0-0 Nxc3 12. Qxc3 Rf6 13. a3 a6 14. Rac1 Rg6 15. Kh1 Bd7 16. Qc5 Qxc5 17. Rxc5 Rc8 18. Rfc1 Kf8 19. b4 Ke7 20. g3 Rf6 21. Ne5 Nxe5 22. dxe5 Rff8 23. Rxc7 Rb8 24. Kg1 Rfc8 25. b5 Rxc7 26. Rxc7 Rc8 27. Rxb7 Rc3 28. Bf1 Kd8 29. bxa6 Rxa3 30. a7 Bc6 31. Rxg7 Bf3 32. h4 h5 33. Bg2 1-0